000 00339nam a2200133Ia 4500
008 100328s9999 xx 000 0 und d
082 _b15725
100 _aSimha L.N.
245 _aThe Capital Market of India
260 _bVora & Co.
630 _aThe Capital Market of India
730 _aThe Capital Market of India
942 _cBOOK
999 _c510470
_d510467